Women novelists from Fanny Burney to George Eliot / (Record no. 100481)

MARC details
000 -LEADER
campo de control de longitud fija 01183nam a2200229 i 4500
001 - NÚMERO DE CONTROL
campo de control 100481
003 - IDENTIFICADOR DE NÚMERO DE CONTROL
campo de control ES-MaACL
005 - FECHA Y HORA DE LA ÚLTIMA TRANSACCIÓN
campo de control 20250630160525.0
007 - CAMPO FIJO DE DESCRIPCIÓN FÍSICA--INFORMACIÓN GENERAL
campo de control de longitud fija t|
008 - DATOS DE LONGITUD FIJA--INFORMACIÓN GENERAL
campo de control de longitud fija 050928s1934 xxk ||||1| eng d
100 1# - ENTRADA PRINCIPAL--NOMBRE DE PERSONA
Nombre de persona Masefield, Muriel.
9 (RLIN) 78702
245 10 - MENCIÓN DEL TÍTULO
Título Women novelists from Fanny Burney to George Eliot /
Mención de responsabilidad, etc. by Muriel Masefield.
260 ## - PUBLICACIÓN, DISTRIBUCIÓN, ETC.
Lugar de publicación, distribución, etc. London :
Nombre del editor, distribuidor, etc. J. Nicholson & Watson,
Fecha de publicación, distribución, etc. 1934.
300 ## - DESCRIPCIÓN FÍSICA
Extensión 224 p. ;
Dimensiones 19 cm.
505 8# - NOTA DE CONTENIDO CON FORMATO
Nota de contenido con formato Contiene: The life of Fanny Burney.--Fanny Burney's novels.--The life of Jane Austen.--Jane Austen's novels.--Maria Edgeworth and her novels. (Irish life)--Susan Ferrier and her novels. (scottish life)--Emily Eden and her novels.--The lives of the Brontë sisters.--Charlotte Brontë's novels.--Emily Brontë's novel.--Anne Brontë's novels.--The life of Mrs. Gaskell.--Mrs. Gaskell's novels.--Charlotte Yonge and her novels, contributed by D. Blagg.--Life of George Eliot.--George Eliot's novels.
600 14 - PUNTO DE ACCESO ADICIONAL DE MATERIA--NOMBRE DE PERSONA
9 (RLIN) 241146
Nombre de persona Brontë, Charlotte,
Fechas asociadas al nombre 1816-1855
650 #4 - PUNTO DE ACCESO ADICIONAL DE MATERIA--TÉRMINO DE MATERIA
Término de materia o nombre geográfico como elemento de entrada Escritoras inglesas.
9 (RLIN) 163773
650 04 - PUNTO DE ACCESO ADICIONAL DE MATERIA--TÉRMINO DE MATERIA
Término de materia o nombre geográfico como elemento de entrada Literatura inglesa-
Subdivisión general Historia y crítica.
9 (RLIN) 14628
852 ## - LOCALIZACIÓN
Ubicación ES-MaACL
Número de control de estantería A-2862
942 ## - ELEMENTOS DE ENTRADA SECUNDARIOS (KOHA)
Fuente del sistema de clasificación o colocación Clasificación decimal universal
Holdings
Estatus retirado Estado de pérdida Estado de daño No para préstamo Biblioteca de origen Biblioteca actual Ubicación en estantería Fecha de adquisición Fuente de adquisición Total de préstamos Signatura topográfica completa Código de barras Visto por última vez Precio de reemplazo Tipo de ítem Koha
        Biblioteca del Ateneo de Madrid Biblioteca del Ateneo de Madrid Sala Pecera Planta 1 17/01/2008     A-2862 1104913 23/02/2023 23/02/2023 Libro impreso